00326nam a2200109Ia 4500008004100000041000800041082001700049100002300066245007600089260003200165300001900197241028s9999 xx 000 0 und d aeng a658.4034 SIM aSimchi-Levi, David aOperations Rules: Delivering Customer Value through Flexible Operations bThe MIT PressaLondonc2010 a239;. P. 24 cm